Сборник единичных расценок п. Тикси. Т. 1: Каталог единичных расценок (Запись № 7470354)

Подробности
000 -МАРКЕР
контрольное поле 01481nam2a22002291 4500
001 - ИДЕНТИФИКАТОР ЗАПИСИ
контрольное поле rc\3716017
005 - ИДЕНТИФИКАТОР ВЕРСИИ
контрольное поле 20250610064209.0
035 ## - ДРУГИЕ СИСТЕМНЫЕ НОМЕРА
Идентификатор записи (NLR Aleph) 007771269
100 ## - ДАННЫЕ ОБЩЕЙ ОБРАБОТКИ
Данные общей обработки 20130115d1969 |||y0rusy50 ca
101 0# - ЯЗЫК РЕСУРСА
Язык текста, звукозаписи и т.д. русский
102 ## - СТРАНА ПУБЛИКАЦИИ ИЛИ ПРОИЗВОДСТВА
Страна публикации российская федерация
105 ## - ПОЛЕ КОДИРОВАННЫХ ДАННЫХ: ТЕКСТОВЫЕ МАТЕРИАЛЫ, МОНОГРАФИЧЕСКИЕ
Кодированные данные о монографическом текстовом документе y b |||||
200 1# - ЗАГЛАВИЕ И СВЕДЕНИЯ ОБ ОТВЕТСТВЕННОСТИ
Основное заглавие Каталог единичных расценок
Сведения, относящиеся к заглавию [В 3 кн.]
-- Кн. 3
210 ## - ПУБЛИКАЦИЯ, РАСПРОСТРАНЕНИЕ И ДР.
Дата издания, распространения и т.д. 1969
Место издания, распространения и т.д. Б. м.
215 ## - ФИЗИЧЕСКАЯ ХАРАКТЕРИСТИКА
Специфическое обозначение материала и объем 408 с.
461 #0 - УРОВЕНЬ НАБОРА
Встроенное поле 001rc\3716014
-- 2001#$aСборник единичных расценок п. Тикси$eДля применения с 1 января 1969 г.$e[В 3 т.$eУтв. М-вом Мор. флота 20/III 1969 г.]$eТ. 1-$fГос. проектно-конструкторский и науч.-исслед. ин-т мор. транспорта "Союзморниипроект". Ленингр. филиал "Ленморниипроект"$vТ. 1
Системный номер (АБИС) связанной записи 7470324
Место публикации Москва
Дата публикации 1969
Первые сведения об ответственности Гос. проектно-конструкторский и науч.-исслед. ин-т мор. транспорта "Союзморниипроект". Ленингр. филиал "Ленморниипроект"
Имя издателя, распространителя и т.д. Б. и.
Сведения, относящиеся к заглавию Для применения с 1 января 1969 г. : [В 3 т. : Утв. М-вом Мор. флота 20/III 1969 г.] : Т. 1-
Заглавие Сборник единичных расценок п. Тикси
Номер тома Т. 1
801 #0 - ИСТОЧНИК ЗАПИСИ
Страна российская федерация
Организация NLR
Правила каталогизации psbo
801 #1 - ИСТОЧНИК ЗАПИСИ
Страна российская федерация
Организация ELAR
Источник данных rusmarc
852 ## - МЕСТОНАХОЖДЕНИЕ И ШИФР ХРАНЕНИЯ
Идентификатор организации NLR
Шифр хранения (Call Number) Пт 80.1/923
942 ## - ДОПОЛНИТЕЛЬНЫЕ ЭЛЕМЕНТЫ ЗАПИСИ (АБИС)
Тип экземпляра АБИС Книга
980 ## - КОЛЛЕКЦИЯ
Название коллекции Национальная библиография
Экземпляры
Тип экземпляра Дата поступления Библиотека постоянного хранения Библиотека текущего хранения Место хранения Шифр хранения Штрих-код Статус не для выдачи
Книга 26.10.2013 РНБ (Московский) РНБ (Московский) Фонд нормативно-технических и технических документов Пт 80.1/923 7771269-10